[Event "Rated Blitz game"]
[Site "?"]
[Date "2021.11.03"]
[Round "?"]
[White "terriblecaballo84"]
[Black "Annali-annaliew1979"]
[Result "0-1"]
[WhiteElo "2320"]
[BlackElo "2446"]
[PlyCount "48"]
[EventDate "2021.??.??"]
[EventType "blitz"]

1. e4 e5 2. Nf3 d5 3. exd5 e4 4. Qe2 f5 5. d3 Nf6 6. Nc3 Bb4 7. Bd2 Bxc3 8.
Bxc3 O-O 9. Nd4 c5 10. dxc6 Nxc6 11. Nxc6 bxc6 12. O-O-O Qe8 13. Kb1 Ba6 14.
Qd2 Nd5 15. dxe4 Bxf1 16. Rhxf1 fxe4 17. Bd4 Rb8 18. b3 a5 19. a4 Qe6 20. Qg5
Rb7 21. h3 Rfb8 22. Qe5 Qg6 23. g4 e3 24. Qf5 e2 {Time forfeit} 0-1

[Event "Rated Blitz game"]
[Site "?"]
[Date "2021.11.03"]
[Round "?"]
[White "makousek"]
[Black "Annali-annaliew1979"]
[Result "1-0"]
[WhiteElo "2427"]
[BlackElo "2447"]
[PlyCount "71"]
[EventDate "2021.??.??"]
[EventType "blitz"]

1. e4 e5 2. Nf3 d5 3. exd5 e4 4. Nd4 c5 5. Nb5 Nf6 6. d4 a6 7. N5c3 cxd4 8.
Qxd4 Bd6 9. Be2 h6 10. Nxe4 Nxe4 11. Qxe4+ Kf8 12. O-O Nd7 13. b3 Nf6 14. Qd3
Bd7 15. Ba3 Bxa3 16. Nxa3 Rc8 17. c4 g6 18. Rac1 Qa5 19. Nc2 Qxa2 20. Qc3 Kg7
21. Ra1 Qxa1 22. Rxa1 Rhe8 23. Bf3 Bf5 24. Ne3 Rcd8 25. Nxf5+ gxf5 26. h3 Kg6
27. Re1 Ne4 28. Bxe4 fxe4 29. Qg3+ Kh7 30. Qf4 Kg7 31. Rxe4 Rxe4 32. Qxe4 b5
33. Qe5+ f6 34. Qe7+ Kg6 35. Qxd8 bxc4 36. bxc4 {Normal} 1-0

[Event "Rated Blitz game"]
[Site "?"]
[Date "2021.11.03"]
[Round "?"]
[White "makeareason"]
[Black "Annali-annaliew1979"]
[Result "1-0"]
[WhiteElo "2512"]
[BlackElo "2459"]
[PlyCount "49"]
[EventDate "2021.??.??"]
[EventType "blitz"]

1. e4 e5 2. Nf3 d5 3. Nxe5 Qe7 4. d4 f6 5. Nf3 dxe4 6. Nfd2 f5 7. Nc3 Nf6 8.
Nb3 Nc6 9. Bb5 a6 10. Bxc6+ bxc6 11. O-O Qf7 12. f3 exf3 13. Qxf3 Bd7 14. Bf4
Bd6 15. Rae1+ Kf8 16. Nc5 Be8 17. Bxd6+ cxd6 18. Ne6+ Kg8 19. Qxf5 Bd7 20. d5
cxd5 21. Nxd5 Bxe6 22. Rxe6 h5 23. Nxf6+ gxf6 24. Rxf6 Qa7+ 25. Kh1 {Normal}
1-0

[Event "Rated Blitz tournament E8gH8C7M"]
[Site "?"]
[Date "2021.11.03"]
[Round "?"]
[White "malybalaganiarz"]
[Black "KappaGolden"]
[Result "0-1"]
[WhiteElo "2412"]
[BlackElo "2249"]
[PlyCount "162"]
[EventDate "2021.??.??"]
[EventType "blitz"]

1. e4 e5 2. Nf3 d5 3. exd5 e4 4. Qe2 Nf6 5. d3 Qxd5 6. Nc3 Bb4 7. Bd2 Bxc3 8.
Bxc3 O-O 9. Ne5 Nc6 10. dxe4 Nxe4 11. Nxc6 Qxc6 12. Bd4 Re8 13. O-O-O Ng3 14.
hxg3 Rxe2 15. Bxe2 Bf5 16. Bc3 Re8 17. Bf3 Be4 18. Bxe4 Rxe4 19. Rd8+ Re8 20.
Rhd1 f6 21. f3 Kf7 22. R1d7+ Re7 23. Rxe7+ Kxe7 24. Rd4 Kf7 25. Re4 Qd5 26. Rd4
Qf5 27. g4 Qe6 28. Kd2 c5 29. Re4 Qd6+ 30. Ke2 b5 31. Bd2 c4 32. Be3 Qa6 33. a3
b4 34. axb4 c3+ 35. b5 Qxb5+ 36. Kf2 cxb2 37. Rd4 b1=Q 38. Kg3 Qe1+ 39. Bf2
Qee5+ 40. f4 Qxd4 41. Bxd4 Qc4 42. c3 Qd3+ 43. Kf2 a5 44. g5 a4 45. gxf6 Qc2+
46. Kf3 a3 47. fxg7 a2 48. c4 Qxc4 49. Ke3 Qb3+ 50. Ke4 Qb1+ 51. Ke5 a1=Q 52.
Bxa1 Qxa1+ 53. Kf5 Qxg7 54. g4 h5 55. gxh5 Qh6 56. Kg4 Kf6 57. f5 Qg5+ 58. Kf3
Qxh5+ 59. Ke3 Qxf5 60. Kd4 Ke6 61. Ke3 Qe5+ 62. Kd3 Kd6 63. Kc4 Qe4+ 64. Kc3
Qd5 65. Kb4 Kc6 66. Kc3 Qc5+ 67. Kd3 Kb5 68. Ke4 Qc4+ 69. Kf5 Kb4 70. Ke5 Kc3
71. Kf5 Kd3 72. Kf6 Qd4+ 73. Kg6 Qe4+ 74. Kg5 Ke3 75. Kf6 Kf3 76. Kg7 Qf5 77.
Kg8 Kg4 78. Kh8 Qg5 79. Kh7 Kf5 80. Kh8 Kf6 81. Kh7 Qg7# {Normal} 0-1

[Event "Rated Blitz game"]
[Site "?"]
[Date "2021.11.03"]
[Round "?"]
[White "jimothylacoste"]
[Black "Dzon_Vejn"]
[Result "0-1"]
[WhiteElo "2537"]
[BlackElo "2522"]
[PlyCount "60"]
[EventDate "2021.??.??"]
[EventType "blitz"]

1. e4 e5 2. Nf3 d5 3. Nxe5 Bd6 4. d4 dxe4 5. Nc4 Be7 6. Nc3 Nf6 7. Bg5 Bf5 8.
Qd2 O-O 9. Ne3 Bg6 10. h4 h6 11. Bxf6 Bxf6 12. O-O-O Nc6 13. d5 Nd4 14. Ng4 c5
15. dxc6 Nxc6 16. Qf4 Bd4 17. h5 Bh7 18. Bb5 Qa5 19. Bxc6 Bxc3 20. Bxe4 Bxb2+
21. Kxb2 Qb4+ 22. Kc1 Bxe4 23. f3 Qa3+ 24. Kb1 Bh7 25. Rh4 Rac8 26. Nxh6+ Kh8
27. Rd2 Qc3 28. Nxf7+ Rxf7 29. Qb4 Bxc2+ 30. Kc1 Qa1+ {Normal} 0-1

[Event "Rated Blitz game"]
[Site "?"]
[Date "2021.11.03"]
[Round "?"]
[White "VargaR04"]
[Black "Annali-annaliew1979"]
[Result "0-1"]
[WhiteElo "2357"]
[BlackElo "2449"]
[PlyCount "40"]
[EventDate "2021.??.??"]
[EventType "blitz"]

1. e4 e5 2. Nf3 d5 3. exd5 e4 4. Ng1 f5 5. Nc3 Nf6 6. Bc4 Bd6 7. Nge2 O-O 8.
O-O Nbd7 9. d3 Ne5 10. Bb3 exd3 11. cxd3 Bd7 12. d4 Neg4 13. Ng3 Nxh2 14. Kxh2
Ng4+ 15. Kh3 Qf6 16. f3 Qg6 17. fxg4 fxg4+ 18. Kh2 Qh5+ 19. Kg1 Bxg3 20. d6+
Kh8 {Normal} 0-1

[Event "Rated Blitz game"]
[Site "?"]
[Date "2021.11.03"]
[Round "?"]
[White "J0hn_R0bert_Bumatay"]
[Black "Annali-annaliew1979"]
[Result "1-0"]
[WhiteElo "2351"]
[BlackElo "2452"]
[PlyCount "45"]
[EventDate "2021.??.??"]
[EventType "blitz"]

1. e4 e5 2. Nf3 d5 3. Nxe5 Qe7 4. d4 f6 5. Nf3 dxe4 6. Ng1 f5 7. Bc4 Nf6 8. Ne2
Nc6 9. O-O Be6 10. Bxe6 Qxe6 11. c3 Bd6 12. Bf4 O-O-O 13. Bxd6 Qxd6 14. Nd2 f4
15. f3 e3 16. Ne4 Qe7 17. Nxf4 Nxe4 18. fxe4 Qxe4 19. Qf3 Rhe8 20. Rae1 Qc2 21.
Re2 Qa4 22. b3 g5 23. bxa4 {Normal} 1-0

[Event "Rated Blitz tournament E8gH8C7M"]
[Site "?"]
[Date "2021.11.03"]
[Round "?"]
[White "Andrej-70"]
[Black "Amurskayakula11"]
[Result "1-0"]
[WhiteElo "2460"]
[BlackElo "2350"]
[PlyCount "87"]
[EventDate "2021.??.??"]
[EventType "blitz"]

1. e4 e5 2. Nf3 d5 3. Nxe5 Bd6 4. d4 dxe4 5. Nc4 Nf6 6. Nxd6+ Qxd6 7. Be2 O-O
8. c4 c5 9. d5 Nbd7 10. Nc3 Ne5 11. h3 Ng6 12. O-O Re8 13. Be3 a6 14. a3 Nf4
15. Rc1 Nxh3+ 16. gxh3 Bxh3 17. Qd2 Qe5 18. Bf4 Qf5 19. Bg3 Qg6 20. Qe3 h5 21.
Kh2 Bxf1 22. Rxf1 Ng4+ 23. Bxg4 hxg4 24. Kg2 Qf5 25. Qf4 Qxf4 26. Bxf4 f6 27.
Re1 g5 28. Be3 b6 29. Kg3 Kg7 30. Kxg4 Kg6 31. Kg3 f5 32. Bd2 f4+ 33. Kg2 Kf5
34. Rh1 Rh8 35. Rxh8 Rxh8 36. Na4 f3+ 37. Kg1 g4 38. Be3 g3 39. fxg3 Kg4 40.
Nxb6 Kxg3 41. d6 f2+ 42. Bxf2+ Kf3 43. d7 e3 44. Bh4 {Time forfeit} 1-0

[Event "Rated Blitz tournament GtefOTOI"]
[Site "?"]
[Date "2021.11.03"]
[Round "?"]
[White "Jazzyjef"]
[Black "Razario90"]
[Result "1-0"]
[WhiteElo "2664"]
[BlackElo "2336"]
[PlyCount "91"]
[EventDate "2021.??.??"]
[EventType "blitz"]

1. e4 e5 2. Nf3 d5 3. Nc3 dxe4 4. Nxe4 f5 5. Nc3 e4 6. Ne5 Qf6 7. d4 exd3 8.
Bf4 Bb4 9. Bxd3 Ne7 10. O-O O-O 11. Bc4+ Be6 12. Bg5 Qxe5 13. Re1 Qxe1+ 14.
Qxe1 Bxc4 15. Bxe7 Re8 16. Bxb4 Rxe1+ 17. Rxe1 Nc6 18. Ba3 Kf7 19. b3 Be6 20.
Nb5 Rc8 21. c4 a6 22. Nc3 Rd8 23. Bc1 Rd3 24. Re3 Rxe3 25. Bxe3 g6 26. f3 Ne5
27. Kf2 Ke7 28. Bd4 Nd7 29. Ke3 c6 30. h4 b5 31. c5 Bf7 32. b4 Bc4 33. a4 Ke6
34. a5 Nf8 35. g4 h5 36. Kf4 fxg4 37. fxg4 hxg4 38. Kxg4 Nd7 39. Kg5 Bd3 40.
Nd1 Ne5 41. Bxe5 Kxe5 42. Nf2 Bc2 43. Ng4+ Kd4 44. Kf6 Bf5 45. Ne5 Kc3 46. Nxc6
{Time forfeit} 1-0

[Event "Rated Blitz game"]
[Site "?"]
[Date "2021.11.03"]
[Round "?"]
[White "Kurapika06"]
[Black "Benny_Watts_2005"]
[Result "0-1"]
[WhiteElo "2407"]
[BlackElo "2373"]
[PlyCount "68"]
[EventDate "2021.??.??"]
[EventType "blitz"]

1. e4 e5 2. Nf3 d5 3. exd5 e4 4. Nd4 Qxd5 5. Nb3 Nf6 6. Nc3 Qf5 7. Be2 Bd6 8.
d3 exd3 9. Bxd3 Qe6+ 10. Qe2 O-O 11. Bg5 Nd5 12. Nxd5 Qxd5 13. Be3 Bd7 14.
O-O-O Qe6 15. Nd4 Qf6 16. g4 Nc6 17. Nxc6 Bxc6 18. Rhg1 Bf3 19. Qd2 Bxd1 20.
Rxd1 Be5 21. c3 Rad8 22. f4 Bd6 23. g5 Qe7 24. h4 c5 25. Kb1 g6 26. h5 Rfe8 27.
hxg6 fxg6 28. Bc4+ Kg7 29. Re1 Qe4+ 30. Bd3 Qf3 31. Be2 Qxe3 32. Kc2 Qxd2+ 33.
Kxd2 Bxf4+ 34. Kc2 Rd2+ {Normal} 0-1

[Event "Rated Blitz game"]
[Site "?"]
[Date "2021.11.03"]
[Round "?"]
[White "namimisak01"]
[Black "Annali-annaliew1979"]
[Result "0-1"]
[WhiteElo "2314"]
[BlackElo "2463"]
[PlyCount "46"]
[EventDate "2021.??.??"]
[EventType "blitz"]

1. e4 e5 2. Nf3 d5 3. exd5 e4 4. Qe2 f5 5. c4 Nf6 6. Nc3 Bb4 7. Nd4 O-O 8. h3
c5 9. Nc2 a6 10. g3 Nbd7 11. Bg2 Ne5 12. O-O Bd7 13. a3 Ba5 14. Ne3 Bc7 15. b3
Bd6 16. Bb2 Qe8 17. Rad1 Qg6 18. Kh2 Rae8 19. Bh1 Qh6 20. Bg2 f4 21. gxf4 Qxf4+
22. Kh1 Nf3 23. Bxf3 Qh2# {Normal} 0-1

[Event "Rated Blitz game"]
[Site "?"]
[Date "2021.11.03"]
[Round "?"]
[White "ophilannaqueen"]
[Black "kamaio"]
[Result "1-0"]
[WhiteElo "2445"]
[BlackElo "2344"]
[PlyCount "71"]
[EventDate "2021.??.??"]
[EventType "blitz"]

1. e4 e5 2. Nf3 d5 3. exd5 e4 4. Qe2 Nf6 5. Nc3 Be7 6. Nxe4 O-O 7. d3 Re8 8.
Be3 Nxd5 9. O-O-O f5 10. Ned2 f4 11. Bd4 Bf6 12. Be5 Bg4 13. h3 Bxf3 14. Nxf3
Nc6 15. Bxf6 Qxf6 16. Qd2 Ndb4 17. a3 a5 18. d4 Qf7 19. axb4 Qa2 20. Qc3 axb4
21. Bc4+ Kh8 22. Qd3 Qa1+ 23. Kd2 Qa5 24. Ra1 Qh5 25. Rhe1 Red8 26. c3 bxc3+
27. bxc3 Rxa1 28. Rxa1 Qe8 29. Re1 Qd7 30. Ne5 Nxe5 31. Rxe5 c6 32. Qe4 b5 33.
Bd3 g6 34. Re7 Qd6 35. Qe5+ Qxe5 36. Rxe5 {Normal} 1-0

[Event "Rated Blitz tournament E8gH8C7M"]
[Site "?"]
[Date "2021.11.03"]
[Round "?"]
[White "Doctor_Luber"]
[Black "Amurskayakula11"]
[Result "1-0"]
[WhiteElo "2444"]
[BlackElo "2330"]
[PlyCount "47"]
[EventDate "2021.??.??"]
[EventType "blitz"]

1. e4 e5 2. Nf3 d5 3. Nxe5 Bd6 4. d4 dxe4 5. Nc4 Nf6 6. Nxd6+ Qxd6 7. c3 O-O 8.
Be2 c5 9. dxc5 Qxc5 10. Be3 Qf5 11. O-O Nc6 12. Nd2 Rd8 13. Qc2 Be6 14. h3 Qg6
15. Kh1 Nh5 16. Bxh5 Qxh5 17. Bf4 Bxh3 18. gxh3 Qxh3+ 19. Bh2 f5 20. Nc4 Re8
21. Qe2 Re6 22. f4 exf3 23. Qxf3 Kh8 24. Qxh3 {Normal} 1-0

[Event "Rated Blitz game"]
[Site "?"]
[Date "2021.11.03"]
[Round "?"]
[White "Apuwins"]
[Black "Annali-annaliew1979"]
[Result "1-0"]
[WhiteElo "2434"]
[BlackElo "2453"]
[PlyCount "89"]
[EventDate "2021.??.??"]
[EventType "blitz"]

1. e4 e5 2. Nf3 d5 3. Nxe5 Qe7 4. d4 f6 5. Nd3 Nc6 6. c3 Bf5 7. Be2 Bxe4 8. O-O
Qf7 9. Nd2 Bf5 10. Bg4 Bxd3 11. Re1+ Nge7 12. Nb3 Bg6 13. Be6 Bf5 14. Bxf7+
Kxf7 15. Bf4 Ng6 16. Bxc7 Rc8 17. Bg3 h5 18. h3 h4 19. Bh2 b6 20. a4 Be7 21. a5
b5 22. Nc5 Bxc5 23. dxc5 Rhd8 24. Bd6 Be6 25. Qe2 Re8 26. Qxb5 Nge5 27. f4 Nc4
28. Qb7+ Kg6 29. Rxe6 N6xa5 30. Qa6 Rc6 31. Qxc6 Nxc6 32. Rxe8 Kf5 33. Rd1 Ne3
34. Rxe3 Na5 35. Rxd5+ Kg6 36. f5+ Kh5 37. g4+ hxg3 38. Rxg3 Nc6 39. Bf8 Kh4
40. Rg2 Kxh3 41. Rd3+ Kh4 42. Rdg3 Kh5 43. Rxg7 Kh6 44. R7g6+ Kh5 45. Rh2# {
Normal} 1-0

[Event "Rated Blitz game"]
[Site "?"]
[Date "2021.11.03"]
[Round "?"]
[White "Augustine7"]
[Black "Annali-annaliew1979"]
[Result "1-0"]
[WhiteElo "2481"]
[BlackElo "2450"]
[PlyCount "76"]
[EventDate "2021.??.??"]
[EventType "blitz"]

1. e4 e5 2. Nf3 d5 3. d4 dxe4 4. Nxe5 Bd6 5. Nc4 Nf6 6. Nc3 h6 7. Be2 O-O 8.
O-O Bf5 9. Nxd6 cxd6 10. h3 a6 11. d5 Nbd7 12. Bf4 Qc7 13. f3 Bg6 14. Kh1 Rac8
15. fxe4 Nxe4 16. Nxe4 Bxe4 17. c4 b5 18. b3 Rfe8 19. Bg4 f5 20. Bh5 Rf8 21.
Rc1 bxc4 22. Rxc4 Qb6 23. Re1 Rxc4 24. bxc4 Qc5 25. Bf3 Nf6 26. Qb3 Qf2 27. Rc1
Rc8 28. Bxd6 Nh5 29. Bxe4 fxe4 30. Qd1 Ng3+ 31. Bxg3 Qxg3 32. c5 e3 33. c6 a5
34. Qg4 Qc7 35. d6 Qd8 36. c7 Qf8 37. Qc4+ Kh8 38. d7 e2 {Normal} 1-0

[Event "Rated Blitz game"]
[Site "?"]
[Date "2021.11.03"]
[Round "?"]
[White "blunder_ata"]
[Black "Benny_Watts_2005"]
[Result "1-0"]
[WhiteElo "2497"]
[BlackElo "2405"]
[PlyCount "89"]
[EventDate "2021.??.??"]
[EventType "blitz"]

1. e4 e5 2. Nf3 d5 3. Nc3 d4 4. Ne2 Bd6 5. d3 c5 6. g3 Nf6 7. Bg2 O-O 8. O-O
Nc6 9. c4 a6 10. a3 b5 11. b3 Be6 12. Ng5 Bd7 13. f4 h6 14. Nf3 Ng4 15. h3 Ne3
16. Bxe3 dxe3 17. Nc3 Nd4 18. fxe5 Nxf3+ 19. Qxf3 Bxe5 20. Rac1 Bd4 21. Ne2 f5
22. exf5 Rxf5 23. Qxa8 Rxf1+ 24. Rxf1 Qxa8 25. Bxa8 Bxh3 26. Bd5+ Kh7 27. Rf8
Bg4 28. Nxd4 cxd4 29. c5 h5 30. c6 g5 31. c7 h4 32. gxh4 gxh4 33. c8=Q Bxc8 34.
Rxc8 h3 35. Be4+ Kh6 36. Kf1 Kg5 37. Ke2 h2 38. Rd8 Kf4 39. Rxd4 Ke5 40. Kxe3
a5 41. Rd5+ Ke6 42. Rxb5 a4 43. bxa4 h1=Q 44. Bxh1 Kd6 45. Rb6+ {Normal} 1-0

[Event "Rated Blitz game"]
[Site "?"]
[Date "2021.11.03"]
[Round "?"]
[White "Akbar2001"]
[Black "Annali-annaliew1979"]
[Result "1-0"]
[WhiteElo "2533"]
[BlackElo "2438"]
[PlyCount "57"]
[EventDate "2021.??.??"]
[EventType "blitz"]

1. e4 e5 2. Nf3 d5 3. Nxe5 Qe7 4. d4 f6 5. Nd3 Nc6 6. c3 Bf5 7. Be2 Bxe4 8. O-O
Qf7 9. Re1 O-O-O 10. b4 Bd6 11. b5 Na5 12. Ba3 Nc4 13. Bxd6 Nxd6 14. a4 Qg6 15.
Nf4 Qf7 16. Na3 g5 17. Bh5 Qd7 18. Nd3 Ne7 19. Nc5 Qf5 20. Bg4 h5 21. Bxf5+
Nexf5 22. f3 b6 23. Na6 Rde8 24. fxe4 Nxe4 25. Qf3 Nfd6 26. c4 dxc4 27. Nxc4
Nxc4 28. Rxe4 Rxe4 29. Qxe4 {Normal} 1-0

[Event "Rated Blitz game"]
[Site "?"]
[Date "2021.11.03"]
[Round "?"]
[White "WitteVanHaemstede"]
[Black "Benny_Watts_2005"]
[Result "0-1"]
[WhiteElo "2446"]
[BlackElo "2393"]
[PlyCount "62"]
[EventDate "2021.??.??"]
[EventType "blitz"]

1. e4 e5 2. Nf3 d5 3. Bb5+ c6 4. Ba4 dxe4 5. Nxe5 Qd4 6. Nxf7 Kxf7 7. Bb3+ Be6
8. Bxe6+ Kxe6 9. O-O Nf6 10. d3 exd3 11. cxd3 Bd6 12. Qb3+ Qd5 13. Qxb7 Nbd7
14. Nc3 Qh5 15. h3 Rab8 16. Qxc6 Rhc8 17. Qa4 Nc5 18. Qc4+ Kd7 19. Re1 Qg6 20.
Rd1 a6 21. Be3 Rc6 22. Bxc5 Rxc5 23. Qxa6 Rxb2 24. Ne4 Nxe4 25. dxe4 Rc6 26.
Qa7+ Rc7 27. Qa4+ Ke7 28. e5 Bxe5 29. Re1 Qf6 30. Qg4 Qxf2+ 31. Kh1 Qf6 {
Time forfeit} 0-1

[Event "Rated Blitz tournament qkcWO9ss"]
[Site "?"]
[Date "2021.11.03"]
[Round "?"]
[White "cacique26"]
[Black "rafarocks"]
[Result "0-1"]
[WhiteElo "2301"]
[BlackElo "2620"]
[PlyCount "79"]
[EventDate "2021.??.??"]
[EventType "blitz"]

1. e4 e5 2. Nf3 d5 3. exd5 Qxd5 4. Nc3 Qa5 5. Bc4 Bf5 6. O-O Nc6 7. Nh4 Be6 8.
Bxe6 fxe6 9. Ne4 O-O-O 10. d3 Nf6 11. Ng5 Qb4 12. Nhf3 Qe7 13. Qe2 h6 14. Ne4
g5 15. Nxf6 Qxf6 16. c3 Rg8 17. Nd2 g4 18. Ne4 Qh4 19. b4 Bg7 20. a4 Kb8 21. a5
a6 22. Rb1 Rgf8 23. b5 Nxa5 24. bxa6 b6 25. Qa2 Ka7 26. Be3 Rxd3 27. Qxe6 g3
28. Bxb6+ cxb6 29. Qxb6+ Ka8 30. hxg3 Qxe4 31. Qxa5 Qc6 32. a7 Rd5 33. Qb4 Qc7
34. c4 Rc5 35. Rfd1 e4 36. Rd6 Rxc4 37. Qb3 e3 38. Rb6 exf2+ 39. Kh1 f1=Q+ 40.
Rxf1 {Normal} 0-1

[Event "Rated Blitz game"]
[Site "?"]
[Date "2021.11.03"]
[Round "?"]
[White "DanielPerchman"]
[Black "Annali-annaliew1979"]
[Result "0-1"]
[WhiteElo "2516"]
[BlackElo "2418"]
[PlyCount "140"]
[EventDate "2021.??.??"]
[EventType "blitz"]

1. e4 e5 2. Nf3 d5 3. Nc3 dxe4 4. Nxe4 f5 5. Nxe5 fxe4 6. Qh5+ g6 7. Nxg6 hxg6
8. Qxh8 Be6 9. Qe5 Qe7 10. Qxe4 Nc6 11. Bb5 Bd5 12. Qxe7+ Ngxe7 13. O-O O-O-O
14. Bxc6 Bxc6 15. d3 Nf5 16. Bg5 Re8 17. Rfe1 Bg7 18. Rxe8+ Bxe8 19. c3 Bb5 20.
d4 Bc6 21. g4 Nd6 22. Re1 Ne4 23. Be3 b5 24. f3 Nd6 25. Kf2 Nc4 26. b3 Nd6 27.
Bg5 b4 28. Re7 Bf8 29. Re3 bxc3 30. Rxc3 Bg7 31. Be3 Kd7 32. Rc5 Bb7 33. Rg5 a6
34. Rxg6 Bf8 35. Rg8 Be7 36. Rg7 Ke6 37. Kg3 Ne8 38. Rg6+ Kf7 39. Rh6 Nf6 40.
g5 Nd5 41. Bd2 Bd6+ 42. f4 Ne7 43. Rf6+ Kg7 44. Kf2 Bc8 45. Rh6 Nf5 46. Rf6
Nxd4 47. Rxd6 cxd6 48. Bc3 Kg6 49. Bxd4 Kf5 50. Kg3 Be6 51. h4 Bf7 52. Bb6 Bh5
53. Bc7 d5 54. Kf2 d4 55. Ke1 Bg6 56. Kd2 Kg4 57. Be5 d3 58. Ke3 Kxh4 59. b4
Kg4 60. a4 Be8 61. b5 axb5 62. axb5 Bxb5 63. g6 Be8 64. g7 Bf7 65. Kxd3 Kf5 66.
Kd4 Ke6 67. Kc5 Bg8 68. Kc6 Bf7 69. Kc7 Bg8 70. Kd8 Bf7 {Time forfeit} 0-1

[Event "Rated Blitz tournament E8gH8C7M"]
[Site "?"]
[Date "2021.11.03"]
[Round "?"]
[White "porose"]
[Black "KappaGolden"]
[Result "0-1"]
[WhiteElo "2490"]
[BlackElo "2257"]
[PlyCount "114"]
[EventDate "2021.??.??"]
[EventType "blitz"]

1. e4 e5 2. Nf3 d5 3. d3 dxe4 4. dxe4 Bd6 5. Bc4 Nc6 6. Nc3 Nf6 7. h3 Be6 8.
Bxe6 fxe6 9. O-O Qd7 10. Nb5 O-O-O 11. Qe2 a6 12. Nc3 h6 13. Be3 g5 14. Rfd1 g4
15. hxg4 Rdg8 16. g5 hxg5 17. Bxg5 Nh5 18. Qe3 Nf4 19. Na4 Qh7 20. Kf1 Qh1+ 21.
Ng1 Qxg2+ 22. Ke1 Qxg5 23. Kd2 Nd4 24. c3 Nb5 25. Kc2 Rh2 26. Nf3 Qg2 27. Nxh2
Qxh2 28. Rh1 Qg2 29. Rag1 Qxg1 30. Rxg1 Rxg1 31. Nc5 Rg8 32. Nd3 Nxd3 33. Qxd3
Rd8 34. Qf3 Na7 35. Qf7 Nc6 36. Qxe6+ Kb8 37. b4 Rf8 38. Kb3 Rxf2 39. a4 Rf8
40. b5 axb5 41. axb5 Nd8 42. Qd7 b6 43. Qg7 Kb7 44. Qh7 Ne6 45. Qh6 Nc5+ 46.
Kc4 Rf4 47. Kd5 Rxe4 48. Qh8 Re3 49. Qh7 Rd3+ 50. Qxd3 Nxd3 51. Ke4 Nc5+ 52.
Kd5 e4 53. Kd4 Bf4 54. c4 e3 55. Kc3 e2 56. Kd4 e1=Q 57. Kd5 Qd2# {Normal} 0-1

[Event "Rated Blitz game"]
[Site "?"]
[Date "2021.11.03"]
[Round "?"]
[White "Powerqueretaro"]
[Black "Dzon_Vejn"]
[Result "0-1"]
[WhiteElo "2360"]
[BlackElo "2531"]
[PlyCount "80"]
[EventDate "2021.??.??"]
[EventType "blitz"]

1. e4 e5 2. Nf3 d5 3. exd5 e4 4. Ne5 Qxd5 5. d4 exd3 6. Nxd3 Bf5 7. Nc3 Qe6+ 8.
Qe2 Nc6 9. Bg5 f6 10. Qxe6+ Bxe6 11. Be3 O-O-O 12. O-O-O Nge7 13. Nc5 Bf7 14.
Rxd8+ Nxd8 15. Be2 Ne6 16. Bf3 Nxc5 17. Bxc5 b6 18. Be3 Nf5 19. Bg4 Be6 20. Bd2
h5 21. Re1 Kd7 22. Bh3 g5 23. f3 Rg8 24. Ne4 Be7 25. Bc3 g4 26. Rd1+ Kc6 27.
fxg4 hxg4 28. Nxf6 Bxf6 29. Bxf6 gxh3 30. gxh3 Rg2 31. h4 Ne3 32. Re1 Rxc2+ 33.
Kb1 Bf5 34. Ka1 Rg2 35. Rc1+ Nc2+ 36. Kb1 Kb7 37. a3 Nxa3+ 38. Ka2 Nb5 39. Be5
c5 40. Bg3 Be6+ {Time forfeit} 0-1

[Event "Rated Blitz game"]
[Site "?"]
[Date "2021.11.03"]
[Round "?"]
[White "Elgranconejo"]
[Black "Annali-annaliew1979"]
[Result "1-0"]
[WhiteElo "2513"]
[BlackElo "2472"]
[PlyCount "77"]
[EventDate "2021.??.??"]
[EventType "blitz"]

1. e4 e5 2. Nf3 d5 3. exd5 e4 4. Qe2 f5 5. d3 Nf6 6. dxe4 fxe4 7. Nbd2 Be7 8.
Nxe4 Nxe4 9. Qxe4 O-O 10. Bd3 Bf5 11. Qc4 Bxd3 12. Qxd3 Bd6 13. Be3 Nd7 14.
O-O-O Qe8 15. Kb1 a6 16. Rhe1 Qh5 17. Bd4 Rae8 18. c4 b6 19. h3 h6 20. Rxe8
Rxe8 21. Re1 Rxe1+ 22. Nxe1 Qf7 23. Nf3 a5 24. Qe4 Kf8 25. Kc2 Bc5 26. Bxc5+
Nxc5 27. Qg4 Qe7 28. Qf4+ Kg8 29. Ne5 Qd6 30. h4 Qf6 31. Qxf6 gxf6 32. Nd3 Ne4
33. f3 Nd6 34. b3 Nf5 35. Nf4 Kf7 36. Kd3 Nxh4 37. Ke4 Ke7 38. g3 f5+ 39. Ke3 {
Normal} 1-0

[Event "Rated Blitz game"]
[Site "?"]
[Date "2021.11.03"]
[Round "?"]
[White "Rookie1243"]
[Black "Senor_de_los_vientos"]
[Result "1-0"]
[WhiteElo "2425"]
[BlackElo "2379"]
[PlyCount "111"]
[EventDate "2021.??.??"]
[EventType "blitz"]

1. e4 e5 2. Nf3 d5 3. exd5 e4 4. Qe2 Nf6 5. d3 Qxd5 6. Nbd2 Nc6 7. Nxe4 Be6 8.
Nc3 Qa5 9. Bd2 O-O-O 10. O-O-O Bb4 11. a3 Bxa3 12. bxa3 Qxa3+ 13. Kb1 Nb4 14.
Be1 Ba2+ 15. Nxa2 Qxa2+ 16. Kc1 Nfd5 17. Bxb4 Nxb4 18. d4 Qa1+ 19. Kd2 Qa5 20.
Qb5 Qa3 21. Bc4 c6 22. Qf5+ Kb8 23. Ra1 Qb2 24. Rhb1 Rxd4+ 25. Nxd4 Qxd4+ 26.
Bd3 Nd5 27. Ra3 Nb6 28. Rab3 f6 29. g3 Re8 30. Qf4+ Qxf4+ 31. gxf4 Kc7 32. Bxh7
Rh8 33. Be4 Rxh2 34. Ke2 c5 35. Rg3 Kd6 36. Rxg7 Rh4 37. Rxb7 Nc4 38. f3 Rxf4
39. Rxa7 Rh4 40. Kd3 Ne5+ 41. Ke3 Nc4+ 42. Kf2 Ke5 43. Kg3 Rh8 44. Re7+ Kd4 45.
Rd1+ Kc3 46. Rd3+ Kb2 47. Rb7+ Kc1 48. Rc3 Rg8+ 49. Kf4 Nd2 50. Rxc5 Rh8 51.
Rc6 Rh4+ 52. Ke3 Rh1 53. Rd6 Re1+ 54. Kf2 Rf1+ 55. Ke2 Rg1 56. Rxd2 {Time
forfeit} 1-0

[Event "Rated Blitz game"]
[Site "?"]
[Date "2021.11.03"]
[Round "?"]
[White "LelegVinna"]
[Black "Benny_Watts_2005"]
[Result "1-0"]
[WhiteElo "2400"]
[BlackElo "2378"]
[PlyCount "29"]
[EventDate "2021.??.??"]
[EventType "blitz"]

1. e4 e5 2. Nf3 d5 3. exd5 e4 4. Qe2 Nf6 5. d3 Qxd5 6. Nbd2 Nc6 7. dxe4 Qc5 8.
c3 Be6 9. Nb3 Bxb3 10. axb3 O-O-O 11. Be3 Qh5 12. Ng5 Qxe2+ 13. Bxe2 h6 14.
Nxf7 Nxe4 15. Nxh8 {Normal} 1-0

[Event "Rated Blitz game"]
[Site "?"]
[Date "2021.11.03"]
[Round "?"]
[White "Pescaderocalvo"]
[Black "Annali-annaliew1979"]
[Result "1-0"]
[WhiteElo "2450"]
[BlackElo "2457"]
[PlyCount "143"]
[EventDate "2021.??.??"]
[EventType "blitz"]

1. e4 e5 2. Nf3 d5 3. exd5 e4 4. Qe2 f5 5. d3 Nf6 6. dxe4 fxe4 7. Bg5 Be7 8.
Bxf6 Bxf6 9. c3 O-O 10. Nfd2 Bf5 11. Na3 Nd7 12. Nac4 Nb6 13. Ne3 Bg6 14. O-O-O
Bg5 15. Ndc4 Qe7 16. Kb1 Kh8 17. Ka1 Qf7 18. Ne5 Qxf2 19. Nxg6+ hxg6 20. Qxf2
Rxf2 21. Ng4 Rff8 22. c4 Rae8 23. Be2 Nd7 24. h4 Bf4 25. h5 g5 26. h6 g6 27.
Kb1 a5 28. Kc2 Nc5 29. b3 b6 30. Rh3 Kh7 31. a3 Ra8 32. Rhh1 Rae8 33. b4 Nd7
34. Kb3 Ne5 35. Rd4 Nxg4 36. Bxg4 Be3 37. Rdd1 Rf2 38. Be6 Ref8 39. Rde1 Bd4
40. Rxe4 Rb2+ 41. Ka4 Bh8 42. Rhe1 axb4 43. axb4 Bc3 44. Kb5 Rxb4+ 45. Kc6 Bxe1
46. Rxe1 Rxc4+ 47. Kd7 Kxh6 48. Ke7 Rf2 49. d6 Rd4 50. dxc7 Rc2 51. c8=Q Rxc8
52. Bxc8 Rd2 53. Bb7 g4 54. Rb1 Kg5 55. Rxb6 Kh4 56. Rb3 Ra2 57. Kf6 g5 58. Ke5
Rf2 59. Kd4 Rf4+ 60. Ke3 Rf7 61. Ke2 Re7+ 62. Kf1 g3 63. Bf3 g4 64. Rb4 Rg7 65.
Ke2 Rg5 66. Ke3 Kh5 67. Be2 Kh4 68. Kf4 Rg7 69. Rb5 Rf7+ 70. Rf5 Re7 71. Bxg4
Rc7 72. Rh5# {Normal} 1-0

[Event "Rated Blitz game"]
[Site "?"]
[Date "2021.11.03"]
[Round "?"]
[White "Kostia_burnashev"]
[Black "Annali-annaliew1979"]
[Result "1-0"]
[WhiteElo "2483"]
[BlackElo "2481"]
[PlyCount "77"]
[EventDate "2021.??.??"]
[EventType "blitz"]

1. e4 e5 2. Nf3 d5 3. Nxe5 Qe7 4. d4 f6 5. Nf3 dxe4 6. Ng1 f5 7. c4 Nf6 8. Nc3
Nc6 9. Bg5 Qf7 10. Be2 Bd6 11. c5 Be7 12. Nh3 h6 13. Bf4 Be6 14. Bxc7 O-O 15.
Nf4 Rac8 16. Nxe6 Qxe6 17. Qa4 Kh8 18. Bg3 Rfd8 19. Rd1 e3 20. fxe3 Qxe3 21.
Bf2 Qg5 22. Bf3 Ng4 23. O-O Nxf2 24. Rxf2 Bf6 25. Nb5 Qe3 26. Bxc6 bxc6 27. Nd6
Rb8 28. b3 Kh7 29. Nxf5 Qc3 30. Rfd2 g6 31. Nd6 Rb4 32. Qxa7+ Kh8 33. Nf7+ Kg8
34. Nxh6+ Kh8 35. Nf7+ Kg8 36. Nxd8 Rxd4 37. Qf7+ Kh8 38. Qxf6+ Kh7 39. Qxd4 {
Normal} 1-0